Filología indoeuropea / trad. por maría eugenia crogliano

Guardado en:
Autor Principal: Lockwood, W. B.
Otros Autores: Crogliano, María Eugenia, trad.
Formato: Libro
Publicado: Buenos Aires : Eudeba, 1978
Materias:
Etiquetas: Agregar Etiqueta
Sin Etiquetas, Sea el primero en etiquetar este registro!
LEADER 00588nam a22001815a 4500
001 EHU.bham044321
003 AR-BHAM
005 20161017143002.0
008 130507s1978##################000#0#####d
082 4 0 |a 401.94 
100 1 |a Lockwood, W. B. 
245 1 0 |a Filología indoeuropea /  |b trad. por maría eugenia crogliano  |c  W. B. Lockwood : 
260 |a Buenos Aires :  |b Eudeba,  |c 1978 
300 |a 225 p. 
653 |a Filología indoeuropea 
653 |a Lingüística indoeuropea 
700 1 |a Crogliano, María Eugenia, trad. 
859 |a AR-BHAM  |b BIB. HUMANIDADES - General  |h 401.94  |i L794  |p 384.16  |t Ej.1